000 01706nam a2200409 a 4500
001 ebr10516732
003 CaPaEBR
006 m u
007 cr cn|||||||||
008 060710s2006 vauad sb 001 0 eng d
010 _z 2006022496
020 _z1563478374
020 _z9781563478376
020 _z9781600860072 (e-book)
040 _aCaPaEBR
_cCaPaEBR
035 _a(OCoLC)765132762
050 1 4 _aTL714
_b.T57 2006eb
082 0 4 _a629.132
_222
100 1 _aTischler, Mark B.
_q(Mark Brian),
_d1957-
245 1 0 _aAircraft and rotorcraft system identification
_h[electronic resource] :
_bengineering methods with flight-test examples /
_cMark B. Tischler, Robert K. Remple.
260 _aReston, Va. :
_bAmerican Institute of Aeronautics and Astronautics,
_cc2006.
300 _axxxv, 523 p. :
_bill.
490 1 _aAIAA education series
504 _aIncludes bibliographical references (p. 499-513) and index.
533 _aElectronic reproduction.
_bPalo Alto, Calif. :
_cebrary,
_d2013.
_nAvailable via World Wide Web.
_nAccess may be limited to ebrary affiliated libraries.
650 0 _aHelicopters
_xAerodynamics
_xComputer simulation.
650 0 _aPropeller-driven aircraft
_xComputer simulation.
650 0 _aHelicopters
_xFlight testing.
650 0 _aRotors
_xDynamics
_xComputer simulation.
650 0 _aHelicopter flight simulators.
650 0 _aSystems engineering
_xMathematics.
655 7 _aElectronic books.
_2local
700 1 _aRemple, Robert K.
710 2 _aebrary, Inc.
830 0 _aAIAA education series.
856 4 0 _uhttp://site.ebrary.com/lib/rucke/Doc?id=10516732
_zAn electronic book accessible through the World Wide Web; click to view
999 _c121264
_d121264